Statistics for BFI ENH: a quick summary of WWII

Click here to take the quiz!

General Stats

  • This quiz has been taken 10 times
  • The average score is 8 of 13

Answer Stats

HintAnswer% Correct
What was the name of the defense line built after WWI in France against Germany?The Maginot Line
100%
Who was Britain's Primer Minister at that time?Winston Churchill
100%
When did Germany invade Poland? (M/Y)In September 1939
83%
In what operation did Germany attempt to invade the USSR?Operation Barbarossa
83%
In what battle did Germany bombard English cities, in an attempt to make Britain capitulate too?The Battle of Britain
83%
When did France capitulate? (M/Y)In June 1940
67%
When did Germany capitulate? (M/Y)In May 1945
67%
What city did they bombard a second time 3 days later?Nagasaki
67%
When did the USA use the nuclear bomb in Hiroshima? (D/M/Y)6 August 1945
33%
In what Egyptian city was the Axis defeated in 1942?El Alamein
33%
What pact did Germans break?The Molotov-Ribbentrop Pact
33%
The capitulation of Japan marked the end of WWII. When was that? (D/M/Y)2 September 1945
17%
On what day, nicknamed "D-Day", did Operation Overlord launch?6 June 1944
17%

Score Distribution

Percentile by Number Answered

Percent of People with Each Score

Your Score History

You have not taken this quiz